北陸新幹線の駅の略号 - Statistics

General Stats
  • This quiz has been taken 84 times
  • The average score is 17 of 24
Answer Stats
∨∧ 駅名 電報略号 % Correct
1 東京 トウ
100%
2 上野 ウエ
100%
4 熊谷 クマ
99%
3 大宮 オオ
97%
6 高崎 タカ
96%
8 軽井沢 カル
95%
9 佐久平 サク
93%
5 本庄早稲田 ホワ
92%
7 安中榛名 アハ
89%
12 飯山 イヤ
88%
11 長野 ナノ
87%
14 糸魚川 イト
85%
16 富山 トヤ
81%
17 新高岡 シタ
77%
24 敦賀 ツル
77%
22 福井 フイ
73%
19 小松 マツ
69%
18 金沢 サワ
60%
20 加賀温泉 オセ
37%
23 越前たけふ エフ
36%
21 芦原温泉 ワラ
35%
13 上越妙高 エツ
33%
15 黒部宇奈月温泉 クヘ
29%
10 上田 ウヘ
13%
No matching quizzes found
Score Distribution
Percent of People with Each Score
Percentile by Number Answered
Your Score History
You have not taken this quiz